Cicatrices un reto del cuento centroamericano
Guardat en:
| Autor principal: | |
|---|---|
| Altres autors: | , |
| Format: | Desconegut |
| Idioma: | Spanish |
| Publicat: |
ANAMA,
2004
|
| Matèries: | |
| Etiquetes: |
Afegir etiqueta
Sense etiquetes, Sigues el primer a etiquetar aquest registre!
|
MARC
| LEADER | 000000000a22000000004500 | ||
|---|---|---|---|
| 001 | 000726 | ||
| 007 | ta | ||
| 008 | 131121s2004 cr ||||f |||| 000 0dspa d | ||
| 020 | |a 999248246X | ||
| 040 | |a cru CIICLA Universidad de Costa Rica | ||
| 041 | 0 | |a español | |
| 100 | 1 | |a Mackenbach, Werner, compilador | |
| 245 | 1 | 0 | |a Cicatrices |b un reto del cuento centroamericano |c compilador Werner Mackenbach, prefacio Franz Galich |
| 260 | |b ANAMA, |c 2004 | ||
| 300 | |a 288 páginas | ||
| 500 | |a Número de inscripción 05612 | ||
| 505 | |r Justo Arroyo |t Héroes a medio tiempo | ||
| 505 | |r Patricia Belli |t Cicatrices | ||
| 505 | |r Giovanna Benedetti |t La mirada del retorno | ||
| 505 | |r Edilberto Borjas |t Último acto | ||
| 505 | |r Eduardo Callejas |t El francotirador | ||
| 505 | |r Salvador Canjura |t Una puta para tres | ||
| 505 | |r Horacio Castellanos Moya |t Paternidad | ||
| 505 | |r Roberto Castillo |t Anita la cazadora de insectos | ||
| 505 | |r Lizandro Chávez Alfaro |t Primera vez, última vez | ||
| 505 | |r Fernando Contreras Castro |t Luz verde, mujer lejana | ||
| 505 | |r Patricia Delgadillo |t El apresurado | ||
| 505 | |r Leonel Delgado Aburto |t Irma, o, cuando los hombres envejecen | ||
| 505 | |r Julio Escoto |t Resistir, no resistir, la resistencia : por qué la resistencia? | ||
| 505 | |r Jacinta Escudos |t Y ese pequeño rasguño en tu mejilla? | ||
| 505 | |r Franz Galich |t Perrozompopo | ||
| 505 | |r Claudia Hernández |t Melissa juegos 1 al 5 | ||
| 505 | |r Mildred Hernández |t Sorpresas de la vida | ||
| 650 | 4 | |a LITERATURA CENTROAMERICANA |9 59 | |
| 650 | 4 | |a CUENTOS | |
| 650 | 4 | |a CUENTOS CENTROAMERICANOS | |
| 700 | 1 | 2 | |a Galich, Franz |e prefacio |
| 700 | 1 | 2 | |a Mackenbach, Werner |e introducción |
| 942 | |2 ddc |c BK | ||
| 999 | |c 1503 |d 1503 | ||



